Meilleures Sitcom Anglophones - Statistiques

Statistiques générales
  • Ce quiz a été pris 81 fois
  • Le résultat moyen est 5 sur 15
Statistiques - réponses
Hint Réponse % Correct
1994 Friends
93%
2007 The Big Bang Theory
64%
2005 How I Met Your Mother
57%
2001 Ma Famille D’abord
50%
2000 Malcolm
49%
2013 Brooklyn Nine-Nine
36%
2009 Modern Family
31%
2011 New Girl
27%
1990 Le Prince de Bel-Air
14%
2003 Mon Oncle Charlie
14%
2001 Scrubs
11%
2009 Community
9%
1989 La Vie De Famille
1%
1991 Notre Belle Famille
1%
2005 The Office (US)
1%
Aucun quiz correspondant
Distribution des résultats
% des personnes avec chaque résultat
Percentile par nombre de réponses
Votre historique - résultats
Vous n’avez pas pris ce quiz